000
00322nam a22001337a 4500
082
_a
894.812
_b
VEN/N
100
_a
VENNIYUR, RASHEED
245
_a
NJAN ARINJA M. T
246
_a
NJAN ARINJA M. T
_b
NJAN ARINJA M. T
260
_a
CALICUT
_b
MANDHARAM
_c
2025
300
_a
162
650
_a
MALAYALAM LITERATURE
942
_c
BK
999
_c
9080
_d
9080